| 000 | 00850nam a2200277Ia 4500 | ||
|---|---|---|---|
| 001 | Para_5137 | ||
| 003 | CHAP | ||
| 008 | 220125s1958 xx 000 0 und d | ||
| 010 | _a203506 | ||
| 040 | _cCHAP | ||
| 090 | _aPA FOLLETO 2478 | ||
| 100 |
_aRoney, J. N _999781 |
||
| 245 |
_aClover seed chalcids infest alfalfa seed / _c by J. N. Roney and George D. Butler |
||
| 260 |
_aTucson, Arizona : _b Agricultural Extension Service |
||
| 300 | _a1 hoja desplegable | ||
| 440 |
_aArizona Agri. Ext. Ser. Folder; 74 _9169334 |
||
| 650 |
_aBruchophagus funebris Trébol _x Plagas Alfalfa _x Plagas _9169335 |
||
| 700 |
_aButler, George _916432 |
||
| 901 | _aPA FOLLETO 2478 | ||
| 902 | _aA | ||
| 905 | _a0000001958 TUC 0000000000 00 | ||
| 910 | _a1958 | ||
| 942 | _cPARA | ||
| 942 |
_cPARA _d1 |
||
| 999 |
_c203506 _d203506 |
||